| 000 | 01095nam a22003257a 4500 | ||
|---|---|---|---|
| 003 | CHAP | ||
| 005 | 20220329134254.0 | ||
| 008 | 971013s r 10010 d | ||
| 010 | _a17936 | ||
| 011 | _a18908 | ||
| 035 | _a22993 | ||
| 040 | _cCHAP | ||
| 082 |
_a633.15 _bH9 1965 |
||
| 111 | 0 | 0 |
_aHybrid Corn Industry Research Conference. ( _n20 _d: 1965 _c: Chicago.) _957064 |
| 245 | _aReport | ||
| 260 |
_aWashington : _bAmerican Seed Trade Association, _c(s.a) |
||
| 300 | _a157 p. | ||
| 590 |
_aBATCH-UPD _b10 _c20130109 _lUCH01 _h2308 |
||
| 590 |
_aBATCH-UPD _b10 _c20130110 _lUCH01 _h0303 |
||
| 590 |
_aBATCH-UPD _b10 _c20130110 _lUCH01 _h1722 |
||
| 590 |
_aBATCH-UPD _b10 _c20130409 _lUCH01 _h2335 |
||
| 590 |
_aBATCH-UPD _b10 _c20130914 _lUCH01 _h1627 |
||
| 590 |
_aCONVERSION _b10 _c20130109 _lUCH01 _h1311 |
||
| 650 | 1 | 4 |
_aMaíz _xCongresos. _970909 |
| 650 | 1 | 4 |
_aMaíz _xHíbridos. _970974 |
| 901 | _aBK | ||
| 942 | _cLIBRO | ||
| 949 |
_a633.15 H9 1965 _bBC _cLIBRO _d33724000206983 _eLIBRO _h52261 _i22993 _mD _si |
||
| 949 |
_a633.15 H9 1965 _bBC _cLIBRO _d33724000206991 _eLIBRO _fc.2 _h53558 _i22993 _sb |
||
| 999 |
_c17936 _d17936 |
||